Sports Quiz

Random Sports or NBA Quiz

NBA All-Star: 3-Point Champs Quiz Stats

 Plays Quiz Updated Feb 15, 2021

     
Support Sporcle.
Go Orange.
Score 0/35 Timer 04:00
0 Plays Today
Year Winner % Correct
2021Stephen Curry
97.1%
2015Stephen Curry
95%
2016Klay Thompson
90.8%
1986Larry Bird
85.1%
1987Larry Bird
85.1%
1988Larry Bird
85.1%
2018Devin Booker
84.5%
2020Buddy Hield
77.1%
2019Joe Harris
73.4%
2001Ray Allen
72.1%
2010Paul Pierce
70.3%
2013Kyrie Irving
67.5%
2017Eric Gordon
66.7%
2006Dirk Nowitzki
61.4%
1997Steve Kerr
58.8%
2012Kevin Love
46.4%
2002Peja Stojakovic
46.1%
2003Peja Stojakovic
46.1%
Year Winner % Correct
1993Mark Price
37.7%
1994Mark Price
37.7%
2007Jason Kapono
37.7%
2008Jason Kapono
37.7%
1998Jeff Hornacek
33.4%
2000Jeff Hornacek
33.4%
2014Marco Belinelli
27.1%
1990Craig Hodges
24.8%
1991Craig Hodges
24.8%
1992Craig Hodges
24.8%
2009Daequan Cook
23.1%
1995Glen Rice
21.2%
2011James Jones
21.1%
2005Quentin Richardson
20.6%
1989Dale Ellis
16.4%
1996Tim Legler
11.1%
2004Voshon Lenard
8.9%

From the Vault

Multi-Category Letter Board V

by Purple_Parrot

These answers are all over the board.
Remove Ads.
Support Sporcle.
Get the best of Sporcle when you Go Orange. This ad-free experience offers more features, more stats, and more fun while also helping to support Sporcle. Thank you for becoming a member.

Show Comments

Extras

Top Quizzes Today


Score Distribution

Your Account Isn't Verified!

In order to create a playlist on Sporcle, you need to verify the email address you used during registration. Go to your Sporcle Settings to finish the process.

Report this User

Report this user for behavior that violates our Community Guidelines.

Details: